Traditional Malaysian cuisine

Bibliographic Details
Format: Book
Published: Kuala Lumpur : Berita Publishing , 1983
Subjects:

MARC

LEADER 00000cam a2200000 7i4500
001 0000004147
005 20050617.0
020 |a 967969139X 
040 |a INS 
090 0 0 |a TX715   |b T763 1983 
245 1 0 |a Traditional Malaysian cuisine 
260 |a Kuala Lumpur :   |b Berita Publishing ,   |c 1983 
300 |a 244p. ;   |c 29 cm. 
650 0 0 |a Cookery   |z Malaysian 
650 0 0 |a Recipes   |z Malaysia 
999 |a 0000002647   |b BOOK   |c Open Shelf   |e Default branch 
999 |a 0000003918   |b BOOK   |c Open Shelf   |e Default branch